| 000 | 00338nam a2200145Ia 4500 | ||
|---|---|---|---|
| 008 | 230917s9999||||xx |||||||||||||| ||und|| | ||
| 040 |
_e48527 _aMAIN |
||
| 041 | _aEnglish | ||
| 082 | _a823.7 D555M | ||
| 100 | _aDickens, Charles | ||
| 245 | 0 | _aMartin Chuzzlewit | |
| 260 |
_aLondon _bDent _c1968 |
||
| 300 | _axii,303 p. | ||
| 942 | _cBK | ||
| 999 |
_c180529 _d180529 |
||